[Event "ITT Ciudad de Villa Martelli"]
[Site "Villa Martelli"]
[Date "2006.07.24"]
[Round "1"]
[White "Born, Carlos Rodrigo"]
[Black "Diaz, Nahuel"]
[Result "1-0"]
[WhiteElo "2132"]
[BlackElo "2420"]
[PlyCount "147"]
[EventDate "2006.07.24"]
[EventType "tourn"]
[EventRounds "11"]
[EventCountry "ARG"]
[EventCategory "2"]

1. e4 g6 2. g3 Bg7 3. Bg2 e5 4. Ne2 Nc6 5. c3 Nge7 6. d4 d6 7. d5 Nb8 8. c4 f5
9. Nbc3 Nd7 10. O-O O-O 11. Rb1 Nf6 12. f3 c6 13. b4 a5 14. a3 fxe4 15. fxe4
cxd5 16. cxd5 Qb6+ 17. Kh1 Ng4 18. h3 Nf2+ 19. Rxf2 Qxf2 20. Bg5 Bf6 21. Bh6
Rf7 22. Qd3 Qb6 23. Be3 Qd8 24. b5 Bd7 25. Na4 Nc8 26. Nec3 Bg5 27. Bg1 Qf8 28.
Nb2 Qh6 29. Kh2 Bd8 30. Nc4 a4 31. Be3 Qh5 32. Qe2 Qxe2 33. Nxe2 Be8 34. Nc3 b6
35. Rb4 Rfa7 36. Bf1 g5 37. Be2 h5 38. Bd1 Bg6 39. Be2 Kf7 40. Bd3 Ke8 41. Kg2
Kd7 42. Be2 Ke8 43. Bd3 Kf8 44. Be2 Rc7 45. Bd3 g4 46. hxg4 hxg4 47. Nxa4 Rca7
48. Nc3 Be8 49. a4 Rh7 50. Be2 Bd7 51. Rb1 Rb8 52. Rf1+ Kg8 53. Bd1 Rb7 54. Na2
Rc7 55. Nxb6 Nxb6 56. Bxb6 Rc8 57. Bxd8 Rxd8 58. Nb4 Kg7 59. Nc6 Rdh8 60. Kf2
Rh2+ 61. Ke3 R8h3 62. Rg1 Ra2 63. Kd3 Rxg3+ 64. Rxg3 Ra3+ 65. Kc4 Rxg3 66. b6
Bc8 67. Ne7 Rg1 68. Nxc8 Rxd1 69. Nxd6 Rf1 70. b7 g3 71. Nf5+ Rxf5 72. b8=Q g2
73. Qa7+ Rf7 74. Qg1 1-0

[Event "ITT Ciudad de Villa Martelli"]
[Site "Villa Martelli"]
[Date "2006.07.24"]
[Round "1"]
[White "Duarte, Leonardo"]
[Black "Valiente, Cristobal"]
[Result "1-0"]
[WhiteElo "2390"]
[BlackElo "2304"]
[PlyCount "65"]
[EventDate "2006.07.24"]
[EventType "tourn"]
[EventRounds "11"]
[EventCountry "ARG"]
[EventCategory "2"]

1. e4 e6 2. d4 d5 3. Nc3 Nf6 4. Bg5 dxe4 5. Nxe4 Nbd7 6. Nf3 Be7 7. Nxf6+ Bxf6
8. h4 b6 9. Bb5 O-O 10. Bc6 Rb8 11. Qd2 Bb7 12. Bxd7 Qxd7 13. Bxf6 gxf6 14. Rh3
Kh8 15. Qf4 Qe7 16. O-O-O Rg8 17. g4 Rbd8 18. g5 Rg6 19. Rg1 c5 20. h5 fxg5 21.
hxg6 gxf4 22. Rxh7+ Kg8 23. Ng5 Rf8 24. gxf7+ Rxf7 25. Rxf7 Qxf7 26. Nxf7+ Kxf7
27. dxc5 bxc5 28. c4 Kf6 29. Kd2 Bf3 30. Rg8 Ke5 31. Rg7 Kd4 32. Rxa7 Kxc4 33.
Ra4+ 1-0

[Event "ITT Ciudad de Villa Martelli"]
[Site "Villa Martelli"]
[Date "2006.07.24"]
[Round "1"]
[White "Goldwaser, Christian"]
[Black "Izquierdo, Daniel"]
[Result "1/2-1/2"]
[WhiteElo "2359"]
[BlackElo "2319"]
[PlyCount "105"]
[EventDate "2006.07.24"]
[EventType "tourn"]
[EventRounds "11"]
[EventCountry "ARG"]
[EventCategory "2"]

1. c4 f5 2. g3 Nf6 3. Bg2 g6 4. Nf3 Bg7 5. O-O O-O 6. d4 d6 7. Nc3 c6 8. Qb3
Kh8 9. Re1 Na6 10. Bg5 Ne4 11. Bf4 Nc7 12. Rad1 Ne6 13. Bc1 Qe8 14. Qc2 Nxc3
15. bxc3 Qf7 16. e4 Nc7 17. e5 Qxc4 18. Bg5 Nd5 19. Rc1 h6 20. Bd2 Nb6 21. exd6
exd6 22. Bf4 Rd8 23. Re7 Qg8 24. c4 Bf6 25. Qe2 Bd7 26. Bxd6 Re8 27. Be5 Rxe7
28. Bxf6+ Rg7 29. Ne5 Kh7 30. c5 Nd5 31. Bxg7 Qxg7 32. Qb2 Be8 33. h4 Nf6 34.
Rb1 Rd8 35. Qxb7 Rxd4 36. Qxg7+ Kxg7 37. Rb7+ Kf8 38. Bxc6 Bxc6 39. Nxc6 Rd1+
40. Kg2 Ne4 41. Ne5 Rd2 42. Nxg6+ Ke8 43. Rxa7 Rxf2+ 44. Kh3 Rf3 45. Ne5 Rxg3+
46. Kh2 Rc3 47. c6 Rc5 48. c7 Nd6 49. Ra6 Ke7 50. Ng6+ Kd7 51. Nf8+ Ke7 52.
Ng6+ Kd7 53. Nf8+ 1/2-1/2

[Event "ITT Ciudad de Villa Martelli"]
[Site "Villa Martelli"]
[Date "2006.07.24"]
[Round "1"]
[White "Zuriel, Marisa"]
[Black "Gattass, Allan"]
[Result "1-0"]
[WhiteElo "2186"]
[BlackElo "2197"]
[PlyCount "135"]
[EventDate "2006.07.24"]
[EventType "tourn"]
[EventRounds "11"]
[EventCountry "ARG"]
[EventCategory "2"]

1. e4 c5 2. Nf3 d6 3. d4 cxd4 4. Nxd4 Nf6 5. Nc3 a6 6. Bg5 e6 7. f4 Nbd7 8. Qf3
Qc7 9. O-O-O b5 10. Bd3 b4 11. Nce2 Be7 12. Rhe1 Bb7 13. g4 Qb6 14. Bxf6 Bxf6
15. Qe3 h6 16. Qg1 Nc5 17. Nb3 Nxb3+ 18. axb3 Qxg1 19. Nxg1 Rc8 20. Bc4 Ke7 21.
Nf3 Rc5 22. h4 g6 23. Rd2 Bg7 24. Ree2 Rd8 25. Ne1 a5 26. Nd3 Rc7 27. Ne1 Rdc8
28. Kb1 Rc6 29. Rd1 Rb6 30. Nf3 a4 31. Nd4 Rc5 32. f5 d5 33. exd5 Bxd5 34. Bxd5
Rxd5 35. Nc6+ Kd6 36. Rxd5+ exd5 37. Nd8 gxf5 38. gxf5 a3 39. bxa3 bxa3 40.
Nxf7+ Kc5 41. Ne5 Kd6 42. Nf7+ Kc5 43. Re6 Rb7 44. Ne5 Kd4 45. Nf3+ Kc5 46. f6
Bf8 47. Ka2 d4 48. Re8 Bd6 49. Nd2 Kd5 50. Nc4 Bb4 51. Re5+ Kc6 52. Na5+ Bxa5
53. Rxa5 Rf7 54. Kxa3 Kb6 55. Rf5 Kc6 56. Kb4 Kd6 57. Kc4 Ke6 58. Rf4 Ke5 59.
Rxd4 Rxf6 60. c3 Rc6+ 61. Kd3 Rf6 62. b4 Rb6 63. Rc4 Rd6+ 64. Ke3 Kf5 65. Rc5+
Kg4 66. h5 Rd1 67. b5 Rd6 68. c4 1-0

[Event "ITT Ciudad de Villa Martelli"]
[Site "Villa Martelli"]
[Date "2006.07.25"]
[Round "2"]
[White "Gattass, Allan"]
[Black "Fusco, Leonardo"]
[Result "1/2-1/2"]
[WhiteElo "2197"]
[BlackElo "2249"]
[PlyCount "54"]
[EventDate "2006.07.24"]
[EventType "tourn"]
[EventRounds "11"]
[EventCountry "ARG"]
[EventCategory "2"]

1. e4 c5 2. Nf3 d6 3. d4 cxd4 4. Nxd4 Nf6 5. Nc3 a6 6. Bg5 e6 7. f4 Qb6 8. Qd2
Qxb2 9. Rb1 Qa3 10. f5 Nc6 11. fxe6 fxe6 12. Nxc6 bxc6 13. e5 dxe5 14. Bxf6
gxf6 15. Be2 h5 16. Ne4 Be7 17. c4 f5 18. Rb3 Qa4 19. O-O fxe4 20. Qc3 Qxa2 21.
Bd1 Rg8 22. Bxh5+ Kd8 23. Rd1+ Bd7 24. Rd2 Bc5+ 25. Kh1 Bd4 26. Qb4 Bc5 27. Qc3
Bd4 1/2-1/2

[Event "ITT Ciudad de Villa Martelli"]
[Site "Villa Martelli"]
[Date "2006.07.25"]
[Round "2"]
[White "Guerrero, Alvaro"]
[Black "Goldwaser, Christian"]
[Result "0-1"]
[WhiteElo "2168"]
[BlackElo "2359"]
[PlyCount "103"]
[EventDate "2006.07.24"]
[EventType "tourn"]
[EventRounds "11"]
[EventCountry "ARG"]
[EventCategory "2"]

1. d4 Nf6 2. Nf3 e6 3. Bg5 c5 4. e3 Be7 5. Bd3 b6 6. O-O Bb7 7. Nbd2 O-O 8. c3
cxd4 9. cxd4 Nc6 10. a3 Nd5 11. Bxe7 Qxe7 12. Be4 Nd8 13. Rc1 f5 14. Bb1 Nf7
15. Qe2 Ng5 16. Nxg5 Qxg5 17. f4 Qe7 18. Nf3 Kh8 19. Ne5 d6 20. Nc4 g6 21. Bd3
Rac8 22. Rc2 Rc7 23. Rfc1 Rfc8 24. Qe1 Kg7 25. Qd2 Bc6 26. b3 Ba8 27. Nb2 Rxc2
28. Rxc2 Rxc2 29. Bxc2 e5 30. dxe5 dxe5 31. Nc4 exf4 32. exf4 Qc5+ 33. Qf2 Nxf4
34. Qxc5 bxc5 35. g3 Ne2+ 36. Kf2 Nd4 37. Bd1 Bd5 38. Na5 Kf6 39. Ke3 Ke5 40.
Kd3 g5 41. Nc4+ Ke6 42. b4 Be4+ 43. Ke3 Kd5 44. Nd2 c4 45. Nxe4 fxe4 46. Kd2 h6
47. Bh5 Nf3+ 48. Ke3 Ne5 49. Be2 c3 50. a4 g4 51. Bf1 h5 52. Be2 0-1

[Event "ITT Ciudad de Villa Martelli"]
[Site "Villa Martelli"]
[Date "2006.07.25"]
[Round "2"]
[White "Izquierdo, Daniel"]
[Black "Duarte, Leonardo"]
[Result "1/2-1/2"]
[WhiteElo "2319"]
[BlackElo "2390"]
[PlyCount "76"]
[EventDate "2006.07.24"]
[EventType "tourn"]
[EventRounds "11"]
[EventCountry "ARG"]
[EventCategory "2"]

1. d4 Nf6 2. Nf3 c5 3. c4 cxd4 4. Nxd4 e5 5. Nc2 d5 6. cxd5 Qxd5 7. Qxd5 Nxd5
8. g3 Nc6 9. Bg2 Be6 10. Bd2 O-O-O 11. Nc3 Ncb4 12. Nxb4 Bxb4 13. Nxd5 Bxd2+
14. Kxd2 Bxd5 15. Rhc1+ Kb8 16. Bxd5 Rxd5+ 17. Ke3 Rhd8 18. Rc2 b6 19. Rac1
R8d7 20. Rc8+ Kb7 21. R1c2 f5 22. h4 g6 23. Rf8 Rd8 24. Rf7+ R5d7 25. Rd2 Kc6
26. Rf6+ Rd6 27. Re6 Rxe6 28. Rxd8 h5 29. Kd3 Rd6+ 30. Rxd6+ Kxd6 31. Kc4 a6
32. a4 Kc6 33. f4 b5+ 34. axb5+ axb5+ 35. Kb4 e4 36. Kc3 Kc5 37. b4+ Kd5 38. e3
Ke6 1/2-1/2

[Event "ITT Ciudad de Villa Martelli"]
[Site "Villa Martelli"]
[Date "2006.07.25"]
[Round "2"]
[White "Paglilla, Carlos"]
[Black "Diaz, Nahuel"]
[Result "1/2-1/2"]
[WhiteElo "2371"]
[BlackElo "2420"]
[PlyCount "34"]
[EventDate "2006.07.24"]
[EventType "tourn"]
[EventRounds "11"]
[EventCountry "ARG"]
[EventCategory "2"]

1. e4 g6 2. d4 d6 3. Nc3 c6 4. Be3 Bg7 5. Nf3 b5 6. Bd3 Nf6 7. h3 O-O 8. O-O a6
9. Qd2 Nbd7 10. e5 Ne8 11. Bh6 Bb7 12. Bxg7 Kxg7 13. Rfe1 Nc7 14. exd6 exd6 15.
Ne4 Nf6 16. Qf4 Nxe4 17. Bxe4 Qf6 1/2-1/2

[Event "ITT Ciudad de Villa Martelli"]
[Site "Villa Martelli"]
[Date "2006.07.26"]
[Round "3"]
[White "Born, Carlos Rodrigo"]
[Black "Izquierdo, Daniel"]
[Result "0-1"]
[WhiteElo "2132"]
[BlackElo "2319"]
[PlyCount "56"]
[EventDate "2006.07.24"]
[EventType "tourn"]
[EventRounds "11"]
[EventCountry "ARG"]
[EventCategory "2"]

1. e4 e5 2. Nf3 d6 3. d4 Nf6 4. Nc3 Nbd7 5. Bc4 Be7 6. Bxf7+ Kxf7 7. Ng5+ Kg8
8. Ne6 Qe8 9. Nxc7 Qg6 10. O-O Rb8 11. Qe2 Nb6 12. dxe5 dxe5 13. Be3 Qf7 14.
N7b5 Be6 15. b3 Ng4 16. Nxa7 Nxe3 17. Qxe3 Nd7 18. Nab5 Bc5 19. Qe2 Nf6 20. Na4
Qe7 21. Kh1 h6 22. Rad1 Kh7 23. c4 Rbd8 24. Nac3 Rxd1 25. Rxd1 Ng4 26. Rf1 Qh4
27. h3 Nxf2+ 28. Kh2 Ng4+ 0-1

[Event "ITT Ciudad de Villa Martelli"]
[Site "Villa Martelli"]
[Date "2006.07.26"]
[Round "3"]
[White "Diaz, Nahuel"]
[Black "Valiente, Cristobal"]
[Result "1/2-1/2"]
[WhiteElo "2420"]
[BlackElo "2304"]
[PlyCount "43"]
[EventDate "2006.07.24"]
[EventType "tourn"]
[EventRounds "11"]
[EventCountry "ARG"]
[EventCategory "2"]

1. d4 e6 2. c4 Nf6 3. Nc3 Bb4 4. e3 c5 5. Nge2 d5 6. a3 Bxc3+ 7. Nxc3 cxd4 8.
exd4 dxc4 9. Bxc4 Nc6 10. Be3 O-O 11. O-O b6 12. Qf3 Bb7 13. Qg3 Ne7 14. Bd3
Nf5 15. Bxf5 exf5 16. d5 Nxd5 17. Nxd5 Qxd5 18. Rad1 Qe6 19. Rd6 Qe4 20. Rd4
Qe6 21. Rd6 Qe4 22. Rd4 1/2-1/2

[Event "ITT Ciudad de Villa Martelli"]
[Site "Villa Martelli"]
[Date "2006.07.26"]
[Round "3"]
[White "Fusco, Leonardo"]
[Black "Della Morte, Pablo"]
[Result "1/2-1/2"]
[WhiteElo "2249"]
[BlackElo "2284"]
[PlyCount "54"]
[EventDate "2006.07.24"]
[EventType "tourn"]
[EventRounds "11"]
[EventCountry "ARG"]
[EventCategory "2"]

1. d4 f5 2. c4 Nf6 3. g3 g6 4. Bg2 Bg7 5. Nf3 O-O 6. Nc3 d6 7. O-O Qe8 8. d5 c6
9. Nd4 Bd7 10. Re1 Na6 11. e4 fxe4 12. Nxe4 Nxe4 13. Bxe4 Nc5 14. Bg2 Qf7 15.
f4 cxd5 16. Bxd5 e6 17. Bg2 Rad8 18. Be3 Kh8 19. b4 Bc8 20. Qc2 e5 21. fxe5
dxe5 22. Nc6 bxc6 23. Bxc5 Bf5 24. Be4 Rfe8 25. Rf1 Bf8 26. Bxf8 Rxf8 27. Rae1
Qd7 1/2-1/2

[Event "ITT Ciudad de Villa Martelli"]
[Site "Villa Martelli"]
[Date "2006.07.26"]
[Round "3"]
[White "Zuriel, Marisa"]
[Black "Paglilla, Carlos"]
[Result "1/2-1/2"]
[WhiteElo "2186"]
[BlackElo "2371"]
[PlyCount "45"]
[EventDate "2006.07.24"]
[EventType "tourn"]
[EventRounds "11"]
[EventCountry "ARG"]
[EventCategory "2"]

1. e4 e5 2. Nf3 Nc6 3. d4 exd4 4. Nxd4 Bc5 5. Be3 Bxd4 6. Bxd4 Nxd4 7. Qxd4 Qf6
8. e5 Qb6 9. Qxb6 axb6 10. Nc3 f6 11. Nd5 Kd8 12. exf6 Nxf6 13. Nxf6 gxf6 14.
Bc4 c6 15. O-O-O b5 16. Bb3 d5 17. f3 Re8 18. Rhe1 Bf5 19. Rxe8+ Kxe8 20. Re1+
Kd7 21. c3 h5 22. g3 Kd6 23. a3 1/2-1/2

[Event "ITT Ciudad de Villa Martelli"]
[Site "Villa Martelli"]
[Date "2006.07.27"]
[Round "4"]
[White "Gattass, Allan"]
[Black "Duarte, Leonardo"]
[Result "0-1"]
[WhiteElo "2197"]
[BlackElo "2390"]
[PlyCount "100"]
[EventDate "2006.07.24"]
[EventType "tourn"]
[EventRounds "11"]
[EventCountry "ARG"]
[EventCategory "2"]

1. e4 c5 2. Nf3 e6 3. d3 b5 4. g3 Bb7 5. Bg2 d6 6. O-O Nf6 7. Qe2 Be7 8. Nbd2
O-O 9. Re1 a5 10. Nf1 a4 11. h4 b4 12. N1h2 Nbd7 13. Ng5 b3 14. axb3 axb3 15.
Rxa8 Qxa8 16. c3 Qa6 17. f4 Re8 18. Nh3 c4 19. d4 e5 20. g4 exd4 21. cxd4 Bd8
22. Nf2 Nd5 23. Bf1 Bxh4 24. Qxc4 Qa8 25. Qxb3 N5f6 26. e5 Ne4 27. Be3 Bd5 28.
Qb5 Nf8 29. Bc4 Bxc4 30. Qxc4 d5 31. Qf1 Rb8 32. Rb1 Qa2 33. Nxe4 dxe4 34. Qc1
h6 35. b4 Rc8 36. Qb2 Qa4 37. Qb3 Qb5 38. Qd1 Rc3 39. Nf1 Rd3 40. Qc2 Ne6 41.
Qg2 Nxd4 42. Qxe4 Ne2+ 43. Kg2 Nc3 44. Qa8+ Rd8 45. Qa1 Nxb1 46. Qxb1 Qe2+ 47.
Kh3 Rd1 48. Qe4 Qxf1+ 49. Kxh4 Rd3 50. Qc6 Qe1+ 0-1

[Event "ITT Ciudad de Villa Martelli"]
[Site "Villa Martelli"]
[Date "2006.07.27"]
[Round "4"]
[White "Guerrero, Alvaro"]
[Black "Born, Carlos Rodrigo"]
[Result "0-1"]
[WhiteElo "2168"]
[BlackElo "2132"]
[PlyCount "86"]
[EventDate "2006.07.24"]
[EventType "tourn"]
[EventRounds "11"]
[EventCountry "ARG"]
[EventCategory "2"]

1. d4 Nf6 2. Nf3 g6 3. c4 c5 4. d5 b5 5. cxb5 a6 6. Nc3 axb5 7. Nxb5 Ba6 8. Nc3
d6 9. e4 Bxf1 10. Kxf1 Nbd7 11. h3 Bg7 12. Kg1 O-O 13. Kh2 Qc7 14. Re1 Rfb8 15.
Qc2 Rb4 16. Bd2 Rab8 17. b3 Qd8 18. Rab1 c4 19. Na4 cxb3 20. axb3 R4b7 21. Qd3
Nh5 22. g3 Ne5 23. Nxe5 Bxe5 24. f4 Bg7 25. Rec1 Rb5 26. Rc4 Qd7 27. Qc2 Qa7
28. Kg2 h6 29. Rc8+ Kh7 30. Rxb8 Rxb8 31. Qc4 Qb7 32. Qd3 Rc8 33. Rc1 Rb8 34.
Rb1 Rc8 35. Bc3 Bxc3 36. Nxc3 Qb4 37. Ne2 Nf6 38. Kf3 Qa3 39. Ke3 Qa2 40. h4
Rc2 41. Rd1 Nxe4 42. Nc1 Qa7+ 43. Kxe4 f5+ 0-1

[Event "ITT Ciudad de Villa Martelli"]
[Site "Villa Martelli"]
[Date "2006.07.27"]
[Round "4"]
[White "Izquierdo, Daniel"]
[Black "Diaz, Nahuel"]
[Result "1/2-1/2"]
[WhiteElo "2319"]
[BlackElo "2420"]
[PlyCount "114"]
[EventDate "2006.07.24"]
[EventType "tourn"]
[EventRounds "11"]
[EventCountry "ARG"]
[EventCategory "2"]

1. d4 Nf6 2. Nf3 e6 3. e3 b6 4. Bd3 Bb7 5. Nbd2 c5 6. O-O Nc6 7. c3 Qc7 8. Re1
g6 9. e4 cxd4 10. Nxd4 Be7 11. N2f3 O-O 12. Bg5 d6 13. Qd2 a6 14. Rad1 Rad8 15.
Nxc6 Bxc6 16. Qf4 Nh5 17. Qh4 f6 18. Bh6 Rf7 19. Nd4 Bd7 20. Bc2 e5 21. Nf5 Be6
22. Bb3 Bxb3 23. Nxe7+ Qxe7 24. axb3 Ng7 25. Bxg7 Kxg7 26. Rd5 Qe6 27. Red1 Re7
28. f3 Rb7 29. b4 b5 30. Qf2 f5 31. exf5 Qxf5 32. Rxd6 Rxd6 33. Rxd6 Qb1+ 34.
Qf1 Qxb2 35. Qe1 Re7 36. Rd5 e4 37. fxe4 Rc7 38. Rd3 Qc2 39. Qe3 Rf7 40. h3 h5
41. e5 Qb1+ 42. Kh2 Qf1 43. e6 Qf4+ 44. Qg3 h4 45. Qxf4 Rxf4 46. Rd7+ Kf8 47.
Rd4 g5 48. Rd5 Rc4 49. Rxg5 Rxc3 50. Rh5 Rc4 51. Rh8+ Ke7 52. Rh7+ Kxe6 53.
Rh6+ Kd5 54. Rh5+ Ke6 55. Rh6+ Kf5 56. Rxa6 Rxb4 57. g4+ hxg3+ 1/2-1/2

[Event "ITT Ciudad de Villa Martelli"]
[Site "Villa Martelli"]
[Date "2006.07.27"]
[Round "4"]
[White "Zuriel, Marisa"]
[Black "Fusco, Leonardo"]
[Result "1/2-1/2"]
[WhiteElo "2186"]
[BlackElo "2249"]
[PlyCount "55"]
[EventDate "2006.07.24"]
[EventType "tourn"]
[EventRounds "11"]
[EventCountry "ARG"]
[EventCategory "2"]

1. e4 c5 2. Nf3 d6 3. d4 Nf6 4. Nc3 cxd4 5. Nxd4 a6 6. Bc4 e6 7. Bb3 Nbd7 8.
Bg5 Nc5 9. f4 Qc7 10. Qf3 b5 11. O-O-O b4 12. Na4 Nxb3+ 13. axb3 Bb7 14. Bxf6
gxf6 15. f5 e5 16. Ne2 h5 17. Rhe1 Bc6 18. Ng3 h4 19. Nf1 Qb7 20. Nd2 Bh6 21.
Kb1 Bxd2 22. Rxd2 Ke7 23. Qd3 Rhd8 24. Qe3 Rab8 25. g3 hxg3 26. hxg3 Rg8 27.
Red1 Rgd8 28. Re1 1/2-1/2

[Event "ITT Ciudad de Villa Martelli"]
[Site "Villa Martelli"]
[Date "2006.07.28"]
[Round "5"]
[White "Born, Carlos Rodrigo"]
[Black "Gattass, Allan"]
[Result "1/2-1/2"]
[WhiteElo "2132"]
[BlackElo "2197"]
[PlyCount "59"]
[EventDate "2006.07.24"]
[EventType "tourn"]
[EventRounds "11"]
[EventCountry "ARG"]
[EventCategory "2"]

1. b3 e5 2. Bb2 Nc6 3. e3 d5 4. Nf3 e4 5. Nd4 Nxd4 6. Bxd4 Nf6 7. Be2 Bd6 8. d3
O-O 9. Nd2 exd3 10. cxd3 a5 11. Qc2 a4 12. h3 axb3 13. axb3 Rxa1+ 14. Bxa1 Qe7
15. O-O Bd7 16. Bc3 Ra8 17. Ra1 Rxa1+ 18. Bxa1 Be5 19. Bxe5 Qxe5 20. d4 Qd6 21.
Bf3 Qc6 22. Qb2 Bf5 23. Nc4 Qa6 24. Ne5 h6 25. Be2 Qa5 26. b4 Qa4 27. Qc3 Qc2
28. Qxc2 Bxc2 29. f3 Kf8 30. Kf2 1/2-1/2

[Event "ITT Ciudad de Villa Martelli"]
[Site "Villa Martelli"]
[Date "2006.07.28"]
[Round "5"]
[White "Diaz, Nahuel"]
[Black "Guerrero, Alvaro"]
[Result "1-0"]
[WhiteElo "2420"]
[BlackElo "2168"]
[PlyCount "79"]
[EventDate "2006.07.24"]
[EventType "tourn"]
[EventRounds "11"]
[EventCountry "ARG"]
[EventCategory "2"]

1. c4 g6 2. Nc3 Bg7 3. d4 d6 4. e4 Nf6 5. f3 O-O 6. Be3 a6 7. Qd2 Nc6 8. Nge2
Rb8 9. h4 h5 10. Nc1 e5 11. Nb3 exd4 12. Nxd4 Nxd4 13. Bxd4 Be6 14. Be2 c5 15.
Bf2 Qa5 16. O-O Rfd8 17. a4 Nd7 18. Qc2 Ne5 19. Nd5 Re8 20. b4 Qd8 21. bxc5
dxc5 22. Rad1 Nc6 23. Bxc5 Qxh4 24. f4 Rbc8 25. Bf2 Qd8 26. Qa2 Bxd5 27. cxd5
Nb4 28. Qb1 Rc2 29. Qxb4 Rxe2 30. e5 Qd7 31. d6 Ra2 32. Qc4 Rxa4 33. Qc7 Qg4
34. d7 Rf8 35. d8=Q Rxd8 36. Rxd8+ Kh7 37. Qxf7 Qxf4 38. Qxf4 Rxf4 39. e6 Re4
40. Re1 1-0

[Event "ITT Ciudad de Villa Martelli"]
[Site "Villa Martelli"]
[Date "2006.07.28"]
[Round "5"]
[White "Fusco, Leonardo"]
[Black "Paglilla, Carlos"]
[Result "1/2-1/2"]
[WhiteElo "2249"]
[BlackElo "2371"]
[PlyCount "89"]
[EventDate "2006.07.24"]
[EventType "tourn"]
[EventRounds "11"]
[EventCountry "ARG"]
[EventCategory "2"]

1. e4 c5 2. Nf3 Nc6 3. d4 cxd4 4. Nxd4 d5 5. Nxc6 bxc6 6. exd5 Qxd5 7. Nc3
Qxd1+ 8. Nxd1 Bf5 9. Ne3 Bg6 10. Bd2 e6 11. O-O-O Bc5 12. f3 Ne7 13. Nc4 O-O
14. Ne5 Rad8 15. Bc4 Rd6 16. Rhe1 Nd5 17. Ba5 Bb6 18. Bb4 c5 19. Bd2 Rfd8 20.
Bg5 Nf6 21. Be3 Nd5 22. Bf2 Nb4 23. c3 Nc6 24. Nxg6 Rxd1+ 25. Rxd1 Rxd1+ 26.
Kxd1 hxg6 27. Bb5 Ne7 28. a4 Nf5 29. b4 cxb4 30. Bxb6 axb6 31. cxb4 Nd6 32. Bd7
Nb7 33. Bc6 Nd6 34. Kc2 Kf8 35. Kc3 Ke7 36. a5 bxa5 37. bxa5 Nc8 38. Kb4 Kd6
39. Be8 Ke7 40. Ba4 Kd6 41. Kb5 g5 42. Ka6 Kc7 43. Kb5 Nd6+ 44. Kc5 Nb7+ 45.
Kb5 1/2-1/2

[Event "ITT Ciudad de Villa Martelli"]
[Site "Villa Martelli"]
[Date "2006.07.28"]
[Round "5"]
[White "Goldwaser, Christian"]
[Black "Zuriel, Marisa"]
[Result "1-0"]
[WhiteElo "2359"]
[BlackElo "2186"]
[PlyCount "89"]
[EventDate "2006.07.24"]
[EventType "tourn"]
[EventRounds "11"]
[EventCountry "ARG"]
[EventCategory "2"]

1. d4 Nf6 2. c4 g6 3. Nc3 Bg7 4. g3 O-O 5. Bg2 d6 6. e3 Nc6 7. Nge2 e5 8. O-O
exd4 9. exd4 Re8 10. h3 Rb8 11. Bg5 h6 12. Be3 Ne7 13. d5 a6 14. Nd4 Nf5 15.
Nxf5 Bxf5 16. g4 Bd7 17. Qd2 Kh7 18. b4 h5 19. f3 Rxe3 20. Qxe3 Qh8 21. Rad1
Re8 22. Qf4 hxg4 23. fxg4 Re7 24. Qg3 Kg8 25. Rd3 Ne8 26. Ne4 Bd4+ 27. Kh1 Be5
28. Qf3 f5 29. gxf5 Bxf5 30. Re3 Qh4 31. Qf2 Qh6 32. Qe1 Rh7 33. Nf2 Ng7 34.
Rxe5 dxe5 35. Qxe5 Qh4 36. Qxc7 Nh5 37. Qb8+ Kg7 38. Ne4 Qe7 39. Ng3 Bd3 40.
Nxh5+ gxh5 41. Qg3+ Bg6 42. d6 Qe6 43. Bd5 Qe2 44. Rf7+ Kh6 45. Qf4# 1-0

[Event "ITT Ciudad de Villa Martelli"]
[Site "Villa Martelli"]
[Date "2006.07.29"]
[Round "6"]
[White "Della Morte, Pablo"]
[Black "Born, Carlos Rodrigo"]
[Result "1/2-1/2"]
[WhiteElo "2284"]
[BlackElo "2132"]
[PlyCount "91"]
[EventDate "2006.07.24"]
[EventType "tourn"]
[EventRounds "11"]
[EventCountry "ARG"]
[EventCategory "2"]

1. e4 Nf6 2. e5 Nd5 3. d4 d6 4. c4 Nb6 5. exd6 exd6 6. Nc3 Nc6 7. Be3 Be7 8.
Bd3 O-O 9. Nge2 Nb4 10. O-O Nxd3 11. Qxd3 d5 12. c5 Nc4 13. Bc1 Bf6 14. b3 Na5
15. Bf4 c6 16. Rfe1 b6 17. Ng3 bxc5 18. dxc5 Nb7 19. b4 a5 20. a3 Re8 21. Nh5
Re6 22. Nxf6+ Qxf6 23. Be3 Qe7 24. Ne2 Re4 25. Ng3 Re5 26. Rf1 Qd7 27. Bd4 Re6
28. Nh5 f6 29. Qg3 Qf7 30. Nf4 Re4 31. Rad1 axb4 32. axb4 Bf5 33. Qf3 Nd8 34.
Nxd5 Qxd5 35. Bxf6 Qe6 36. Rd6 Bg4 37. Qc3 Qc4 38. Qxc4+ Rxc4 39. Bxd8 Rxb4 40.
h3 Bf5 41. Bb6 Rc8 42. Re1 Re4 43. Ra1 Re7 44. Rad1 Bg6 45. Ba5 Bf5 46. Bc3
1/2-1/2

[Event "ITT Ciudad de Villa Martelli"]
[Site "Villa Martelli"]
[Date "2006.07.29"]
[Round "6"]
[White "Gattass, Allan"]
[Black "Diaz, Nahuel"]
[Result "0-1"]
[WhiteElo "2197"]
[BlackElo "2420"]
[PlyCount "74"]
[EventDate "2006.07.24"]
[EventType "tourn"]
[EventRounds "11"]
[EventCountry "ARG"]
[EventCategory "2"]

1. e4 e5 2. Nf3 Nc6 3. Bb5 a6 4. Ba4 Nf6 5. O-O b5 6. Bb3 Be7 7. Re1 d6 8. h3
Na5 9. c3 Nxb3 10. axb3 Bb7 11. Qc2 O-O 12. d4 Nd7 13. Nbd2 exd4 14. Nxd4 Re8
15. Nf5 Bf8 16. Nf3 Nc5 17. Ng3 Qd7 18. b4 Nxe4 19. Nxe4 Qf5 20. Nfg5 Qg6 21.
Re3 d5 22. Rf3 dxe4 23. Rxf7 Bd5 24. Rd7 Qc6 25. Rxd5 Qxd5 26. h4 h6 27. Nh3
Bd6 28. Be3 Qf5 29. Qe2 Re6 30. Kf1 Rg6 31. c4 bxc4 32. Qxc4+ Kh7 33. h5 Rg3
34. Ra5 c5 35. Bxc5 Rd3 36. Bxd6 Rd1+ 37. Ke2 Qg4+ 0-1

[Event "ITT Ciudad de Villa Martelli"]
[Site "Villa Martelli"]
[Date "2006.07.30"]
[Round "7"]
[White "Born, Carlos Rodrigo"]
[Black "Zuriel, Marisa"]
[Result "0-1"]
[WhiteElo "2132"]
[BlackElo "2186"]
[PlyCount "68"]
[EventDate "2006.07.24"]
[EventType "tourn"]
[EventRounds "11"]
[EventCountry "ARG"]
[EventCategory "2"]

1. e4 c5 2. Nf3 d6 3. d4 cxd4 4. Nxd4 Nf6 5. Nc3 a6 6. Be3 e6 7. f3 b5 8. g4
Nfd7 9. Qd2 Nb6 10. O-O-O Bb7 11. Qf2 N8d7 12. Nb3 Rc8 13. Na5 Ba8 14. g5 Rxc3
15. bxc3 Na4 16. Nb3 Qc7 17. Rd3 Ne5 18. Rd4 Qxc3 19. Rxa4 bxa4 20. Qd2 Qc8 21.
Nd4 d5 22. Qa5 Ba3+ 23. Kd1 O-O 24. Bxa6 Qb8 25. Ke2 dxe4 26. f4 Ng4 27. Qxa4
Nxe3 28. Kxe3 Bc5 29. Qc4 Qd6 30. c3 Bxd4+ 31. cxd4 Qa3+ 32. Qb3 Qxa6 33. a4
Bd5 34. Qa3 Rb8 0-1

[Event "ITT Ciudad de Villa Martelli"]
[Site "Villa Martelli"]
[Date "2006.07.30"]
[Round "7"]
[White "Diaz, Nahuel"]
[Black "Della Morte, Pablo"]
[Result "1/2-1/2"]
[WhiteElo "2420"]
[BlackElo "2284"]
[PlyCount "49"]
[EventDate "2006.07.24"]
[EventType "tourn"]
[EventRounds "11"]
[EventCountry "ARG"]
[EventCategory "2"]

1. c4 e5 2. Nc3 Nf6 3. e4 Nc6 4. Nf3 Bc5 5. Be2 d6 6. d3 h6 7. O-O O-O 8. Be3
Re8 9. a3 a5 10. Qd2 Bd7 11. Bd1 Nd4 12. Bxd4 Bxd4 13. Nxd4 exd4 14. Nb5 Bxb5
15. cxb5 d5 16. exd5 Qxd5 17. a4 c5 18. bxc6 bxc6 19. b4 axb4 20. Qxb4 Reb8 21.
Qe7 Qd8 22. Qc5 Qb6 23. Rc1 Nd5 24. Qxc6 Nc3 25. Qxb6 1/2-1/2